Normal view
MARC view
- Wadi e Kaghan
Entry Topical Term
001 - CONTROL NUMBER
- control field: 4561
003 - CONTROL NUMBER IDENTIFIER
- control field: NUST
005 - DATE AND TIME OF LATEST TRANSACTION
- control field: 20170913104616.0
008 - FIXED-LENGTH DATA ELEMENTS
- fixed length control field: 170913|| aca||aabn | a|a d
040 ## - CATALOGING SOURCE
- Original cataloging agency: NUST
- Transcribing agency: NUST
150 ## - HEADING--TOPICAL TERM
- Topical term or geographic name entry element: Wadi e Kaghan
670 ## - SOURCE DATA FOUND
- Source citation: Work cat.: (NUST): Aamir Rashid 4560, Aks dar aks wadi e Kaghan /, 2009
